Elektrotechnická spôsobilosť pre elektrikárov na vysokom napätí /

Gespeichert in:
Bibliographische Detailangaben
Hauptverfasser: Meravý, Ján (Verfasst von), Herman, Martin (Verfasst von), Judiny, Vladimír (Verfasst von), Surový, Peter (Verfasst von)
Format: Buch
Sprache:Slowakisch
Veröffentlicht: Trenčín : Igaz-Tlačivá-Papier, 2012
Ausgabe:1. vyd.
Tags: Tag hinzufügen
Keine Tags, Fügen Sie das erste Tag hinzu!

MARC

LEADER 00000nam a22000003a 4500
001 0007348
003 SK-STU
005 20150928114416.5
007 ta
008 150928s ----xo-----e------000-0-----d
020 |a 978-80-89576-01-2 
040 |a STU  |b slo 
041 0 |a slo 
044 |a xo 
080 |a 621.3 
100 1 |a Meravý, Ján  |4 aut 
245 1 0 |a Elektrotechnická spôsobilosť pre elektrikárov na vysokom napätí /  |c aut. Ján Meravý, Martin Herman, Vladimír Judiny, Peter Surový 
250 |a 1. vyd. 
260 |a Trenčín :  |b Igaz-Tlačivá-Papier,  |c 2012 
300 |a 283 s. 
700 1 |a Herman, Martin  |r Z5  |4 aut 
700 1 |a Judiny, Vladimír  |r Z5  |4 aut 
700 1 |a Surový, Peter  |r Z5  |4 aut 
996 |b 284EK89562  |c E* 89562  |l EE32  |s P  |a 0  |w 0007348_0001